Now: False allegations against natural rubber cultivation (Record no. 64121)

MARC details
000 -LEADER
fixed length control field 00284nam a2200109Ia 4500
245 #0 - TITLE STATEMENT
Title Now: False allegations against natural rubber cultivation
260 ## - PUBLICATION, DISTRIBUTION, ETC. (IMPRINT)
Name of publisher Planter
Year of publication 2016
300 ## - PHYSICAL DESCRIPTION
Number of Pages 59-61
650 ## - SUBJECT ADDED ENTRY--TOPICAL TERM
Topical Term NR cultivation
942 ## - ADDED ENTRY ELEMENTS (KOHA)
Koha item type Journals
Holdings
Withdrawn status Lost status Damaged status Not for loan Home library Current library Shelving location Date acquired Serial Enumeration / chronology Koha item type
      Journals RRII Library RRII Library Rubber general 01/01/2021 Volume 92, Issue 1079 Journals